| 000 | 02326cam a2200493 i 4500 | ||
|---|---|---|---|
| 999 |
_c16619 _d16619 |
||
| 001 | 21392654 | ||
| 005 | 20220302140906.0 | ||
| 008 | 200117s2020 enkab b 001 0 eng | ||
| 010 | _a 2020002545 | ||
| 020 | _a9781509532810 | ||
| 020 | _a9781509532827 | ||
| 020 | _z9781509532841 | ||
| 040 |
_aDGU/DLC _beng _cDLC _erda _dDLC |
||
| 042 | _apcc | ||
| 043 |
_aaw----- _aff----- |
||
| 050 | 0 | 0 |
_aDS62.8 _b.A375 2020 |
| 082 | 0 | 0 |
_aDC 355.033056 _22020 _bAh71 |
| 100 | 1 |
_aAhram, Ariel I. _q(Ariel Ira), _d1979- _eauthor. _944289 |
|
| 245 | 1 | 0 |
_aWar and conflict in the Middle East and North Africa / _cAriel I Ahram. |
| 260 |
_aPolity Press, _bMedford, MA, _c©2020. |
||
| 300 |
_axi, 263 pages : _billustrations, maps ; _c25 cm |
||
| 504 | _aIncludes bibliographical references and index. | ||
| 505 | 0 | _aAccounting for War in the Middle East and North Africa -- The MENA Security Predicament -- Oil as Conflict Trap -- Identity as Conflict Trap -- Geopolitics as Conflict Trap -- Fragmentation, Integration, and War in the 2010s -- Peace and Peacemaking. | |
| 520 | _a"A conceptually and empirically rich introduction to war and conflict in the MENA"-- | ||
| 650 | 0 |
_aPetroleum _xPolitical aspects _zMiddle East. _944290 |
|
| 650 | 0 |
_aPetroleum _xPolitical aspects _zAfrica, North. _944291 |
|
| 650 | 0 |
_aGeopolitics _zMiddle East. _944292 |
|
| 650 | 0 |
_aGeopolitics _zAfrica, North. _944293 |
|
| 650 | 0 |
_aCivil war _zMiddle East. _944294 |
|
| 650 | 0 |
_aCivil war _zAfrica, North. _944295 |
|
| 650 | 0 |
_aPeace-building _zMiddle East. _944296 |
|
| 650 | 0 |
_aPeace-building _zAfrica, North. _944297 |
|
| 651 | 0 |
_aMiddle East _xHistory _y20th century. _944298 |
|
| 651 | 0 |
_aMiddle East _xHistory _y21st century. _944299 |
|
| 651 | 0 |
_aAfrica, North _xHistory _y20th century. _944300 |
|
| 651 | 0 |
_aAfrica, North _xHistory _y21st century. _944301 |
|
| 651 | 0 |
_aMiddle East _xEthnic relations. _944302 |
|
| 651 | 0 |
_aAfrica, North _xEthnic relations. _944303 |
|
| 776 | 0 | 8 |
_iOnline version: _aAhram, Ariel I. (Ariel Ira), 1979- _tWar and conflict in the Middle East and North Africa _dCambridge, UK ; Medford, MA : Polity, 2020 _z9781509532841 _w(DLC) 2020002546 |
| 365 |
_b2,606.00 _cPhp |
||
| 906 |
_a7 _bcbc _corignew _d1 _eecip _f20 _gy-gencatlg |
||
| 942 |
_2ddc _cDC |
||